|
|
|
|
| LEADER |
00000cam a2200000 7i4500 |
| 001 |
0000003443 |
| 005 |
20050505.0 |
| 020 |
|
|
|a 080392531X
|
| 040 |
|
|
|a INS
|
| 090 |
0 |
0 |
|a HD30.23.
|b O65 1986
|
| 245 |
1 |
0 |
|a Communication and group decision-making
|c edited by Randy Y. Hirokawa
|
| 260 |
|
|
|a Newburry Park :
|b Sage Publications ,
|c 1986
|
| 300 |
|
|
|a 315 p. ;
|c 21 cm.
|
| 650 |
0 |
0 |
|a Communication in management
|x Congresses
|
| 650 |
0 |
0 |
|a Decision making, group
|x Congresses
|
| 700 |
1 |
|
|a Hirokawa, Randy Y.
|
| 700 |
1 |
|
|a Poole, Marshall Scott
|
| 999 |
|
|
|a 0000004412
|b BOOK
|c Open Shelf
|e Default branch
|